Top Universities in China - Statistics

General Stats
  • This quiz has been taken 59 times
  • The average score is 6 of 11
Answer Stats
Chinese Rank University World Rank % Correct
1 Peking 12
95%
2 Tsinghua 14
95%
3 Fudan 34
85%
5 Shanghai Jiao Tong 46
78%
7 Nanjing 133
76%
4 Zhejiang 42
68%
8 Wuhan 194
63%
10 Harbin Institute of Technology 217
27%
9 Tongji 212
24%
6 University of Science and Technology of China 94
22%
11 Southern University of Science and Technology (SUSTech) 226
15%
No matching quizzes found
Score Distribution
Percent of People with Each Score
Percentile by Number Answered
Your Score History
You have not taken this quiz